000 00578nam a2200241 a 4500
001 nice12345678
003 IN_TiNIC
005 20260116013300.0
008 050524s2000 dela grp 000 0 eng
020 _a
_c95
082 0 0 _a268.6
_bING
100 _aIngleby, J C
245 _aMissionaries, Education and India
260 _aDelhi
_bISPCK
_c2000
300 _a400p.
500 _aincludes index and biblioraphy
505 2 _aScripture Index.
650 _aChristian-Education
700 1 _aIngleby, J C
902 _bSRS
942 _cBK
999 _c10390
_d10390